Fußballspieler erraten 3 - Statistiken

Allgemein
  • Dieses Quiz wurde 377 mal gespielt
  • Das Durchschnittsergebnis liegt bei 10 aus 15
Antwortstatistiken
Beschreibung Spieler % Korrekt
Rekordtorschütze des FC Arsenal London sowie der französischen Nationalmannschaft, geriet im Zuge der Qualifikation zur WM 2010 in die Schlagzeilen, als er durch ein Handspiel im Play-off entscheidend zum Sieg seines Teams beitrug Thierry Henry
91%
einer der besten Torhüter der Fußballgeschichte, sein ligainterner Wechsel 2011 schlug sowohl bei den Fans seines alten als auch bei den Fans seines neuen Klubs hohe Wellen, besonders berüchtigt ist er für seine weiten kraftvollen Abwürfe Manuel Neuer
88%
100 Prozent Dortmund-DNA, deutscher Meister 2011 und 2012, Weltmeister 2014 (ohne Einsatz), letzter professioneller Fußballverein: KFC Uerdingen 05 Kevin Großkreutz
84%
Senegalese und österreichischer Meister 2013/14, seit Jahren fixer Bestandteil des Offensivgespanns eines englischen Top-Vereins, spielte davor noch für den FC Southampton Sadio Mane
83%
aktive Legende bei den Königlichen, in den letzten drei Spielzeiten jeweils immer über 20 Liga-Tore geschossen, wurde vor kurzem wegen Beihilfe zur versuchten Erpressung zu einem Jahr Gefängnis auf Bewährung und einer Geldstrafe von 75.000 € verurteilt Karim Benzema
82%
hat seine Karriere bereits beendet, gefürchteter Freistoßschütze, ein Freistoßtor des Gesuchten kam durch solch eine ungewöhnliche Flugkurve zustande, dass es wissenschaftlich konkret analysiert wurde Roberto Carlos
81%
auffälliger Haarschnitt, Tattoos am Hals, zweikampfstarker Sechser, sammelte bereits in Italien, Deutschland und Spanien Erfahrung, sein erster Klub in Europa trägt den Namen eines berühmten Chemie- und Pharmakonzernen in sich Arturo Vidal
73%
englischer Torhüter, wurde in 3 Spielzeiten hintereinander zum besten Keeper der Saison ausgezeichnet, einjähriges Intermezzo in Italien, seit Jahren sucht er vergebens nach seiner Top-Form vergangener Tage, 75 Einsätze für die Nationalmannschaft Joe Hart
70%
erzielte in 267 Partien der 2. Deutschen Bundesliga 154 Tore, gab sein Debüt in der höchsten Spielklasse des Landes für den 1. FC Köln, bekannt für seinen Torjubel mit Hand vor der Stirn Simon Terodde
65%
über 35 Jahre alt, aggressive Spielweise, dreifacher Champions League-Sieger sowie einmaliger Europameister, stand vor wenigen Jahren bei Besiktas Istanbul unter Vertrag Pepe
58%
englischer Kultspieler, bringt über 100 Kilogramm auf die Waage. Stärke-Bewertung beim Fußballsimulationsspiel "FIFA" seit Jahren konstant bei 97/98, Oberarme nachweislich größer als die Oberschenkel John Terrys Adebayo Akinfenwa
54%
18 Jahre jung, Linksfuß gehört eigentlich dem SK Rapid Wien, derzeit vom FC Barcelona ausgeliehen, war eigentlich für die 2. Mannschaft vorgesehen, nach starker Vorbereitung aber Sprung zu den Profis Yusuf Demir
49%
absolvierte 504 Liga-Spiele für einen Verein in der Premier League und schoss dabei 120 Tore, gewann kein einziges Mal Englands höchste Klasse, spielte in der Saison 2015/16 für LA Galaxy, ehe er unter seiner Profi-Karriere einen Schlussstrich zog Steven Gerrard
48%
vierfacher Fußballer des Jahres in Afrika, variabler Spieler mit hohen Qualitäten sowohl im Defensiv- als auch Offensivbereich, spielte beim AS Monaco und FC Barcelona Yaya Toure
45%
wurde von Louis van Gaal wie auch ein anderer, heute weltberühmter Spieler zu den Profis hochgezogen und entwickelte sich prompt zur Stammkraft, war in seiner Karriere von langwierigen Verletzungen geplagt, stand in der Startformation des Champions League-Finale von 2010, spielt momentan beim FC Luzern Holger Badstuber
44%
Keine übereinstimmenden Quizze gefunden
Verteilung der Resultate
Anzahl Personen mit jedem Resultat
Perzentil nach korrekt beantworteten Fragen
Ihre Resultats-Entwicklung
Sie haben dieses Quiz noch nicht gespielt